Images : Les meubles en héraldique (3) - Statistiques

Statistiques générales
  • Ce quiz a été pris 26 fois
  • Le résultat moyen est 12 sur 50
Statistiques - réponses
Par images Hint Réponse % Correct
Quelle est cette croix ? Croix {gammée}
69%
Quel animal est ici stylisé ? {Hermine}
69%
Comme l'appelle-t-on ? Tête de {Maure}
69%
Quel est cet oiseau ? {Cygne}
54%
Quel est cet animal ? {Anguille}
46%
Qu'est cet objet ? {Croissant}
46%
Comment se nomme cet animal ? {Hippocampe}
46%
Quel est ce crustace ? {Homard}
46%
Quel est ce petit oiseau ? {Merlette}
46%
Quelle plante a cette feuille urticante ? {Ortie}
46%
Quelle est cette croix ? Croix {latine}
38%
Quelle est cette croix ? Croix pattée aux {bras} épaix
38%
Quel est ce objet ? {Panier}
38%
Ce lion est dit... {rampant}
38%
Quel est ce poisson ? {Brochet}
31%
Quel nom donne-t-on à ce sanglier ? {Hure}
31%
Comment se nomment ces ailes en héraldique ? {Vol}
31%
Comment se nomme ce poisson ? {Bar}
23%
Comment se nomme cette boule en métal ? {Besant}
23%
Ce cygne est dit... {éployé}
23%
Quel est cet objet ? Etui de {crosse}
23%
Quel est cet outil ? {Rateau}
23%
Comment appelle-t-on cette étoile ? Sceau de {Salomon}
23%
Ce loup est dit... {Arrêté} et hurlant
15%
Quelle est cette créature ? {Chimère}
15%
Comment se nomme cette figure ? {Col} de cygne
15%
Comment se nomme cet arbre stylisé ? {Créquier}
15%
Quelle est cette croix ? Croix de {Malte}
15%
Quelle est cette croix ? Croix de {Saint}-{Jacques}
15%
Quelle est cette croix ? Croix {fleurdelysée}
15%
Quelle est cette croix ? Croix {treflée}
15%
Sorte de hache {Doloire}
15%
Quel nom porte cette figure ? {Rencontre} de cerf
15%
Evoque une pierre précieuse {Angemme}
8%
Comment se nomme cette agrafe en héraldique ? {Anille}
8%
Comment se nomme ce poisson ? {Chabot}
8%
Outil de soldat stylisé {Crampon}
8%
Quelle est cette croix ? Croix de {fer}
8%
Quelle est cette croix ? Croix du {Temple}
8%
Ce lion est dit... {éviré}
8%
Cette aigle est dite... {flamboyante}
8%
Quel est cet animal ? {Loup}-{Cervier}
8%
Quel est cet animal ? {Panthère}
8%
Comment se nomme cet objet ? {Pot} à {feu}
8%
Comment se nomme cette "corne" ? {Ramure}
8%
Comment se nomme ce poisson ? {Sardine}
8%
Quelle est cette créature ? {Alcyon}
0%
Comment se nomme cette boucle ? {Fermail}
0%
Quel est ce poisson ? {Ombre}
0%
Quel est le nom de ce losange qui évoque une brute ? {Rustre}
0%
Aucun quiz correspondant
Distribution des résultats
% des personnes avec chaque résultat
Percentile par nombre de réponses
Votre historique - résultats
Vous n’avez pas pris ce quiz